| 000 | 00784nam a2200277 i 4500 | ||
|---|---|---|---|
| 001 | bgj | ||
| 100 | 1 |
_aFLAUBERT, Gustave _d(1821-1880). |
|
| 245 | 1 | 0 |
_aMadame Bovary / _cby Gustave Flaubert ; translated by Lowell Blair ; with an inroduction by Malcolm Cowley. |
| 260 |
_aNew York : _bBantam Books, _c1962. |
||
| 300 |
_a303 pp ; _c19 cm. |
||
| 490 | 1 | _aA Bantam Classic | |
| 650 | 9 | _aPhysicians' spouses | |
| 650 | 9 | _aAdultery | |
| 650 | 9 | _aSuicide victims | |
| 650 | 9 | _aMiddle class | |
| 650 | 9 | _aDomestic fiction | |
| 651 | 9 | _aFrance | |
| 655 | _aFiction | ||
| 700 | 1 |
_aBLAIR, Lowell. _etranslator |
|
| 700 | 1 | _aCOWLEY, Malcolm | |
| 830 | _aA Bantam Classic | ||
| 040 | _cBPK | ||
| 041 | 0 |
_aeng _hfre |
|
| 942 | _cKS | ||
| 008 | s uk f |000 0 eng | ||
| 999 |
_c48706 _d48706 |
||